| 000 | 00560nam a22001697a 4500 | ||
|---|---|---|---|
| 003 | SGT | ||
| 020 | _a9789327252323 | ||
| 082 | _a631.52,SIN | ||
| 100 | _aSINGH,B.D | ||
| 245 | _aPLANT BREEDING: PRINCIPLES AND METHODS | ||
| 250 | _a10TH | ||
| 260 |
_aNEW DELHI _bKALYANI PUBLISHER _c2016 |
||
| 300 | _a852 | ||
| 650 | _aPLANT BREEDING | ||
| 653 | _aPLANT BREEDING, DOMESTICATION AND GERMPLASM CONSERVATION, PLANT INTRODUCTION, MODS OF REPRODUCTION IN CROP PLANTS, POLLINATION CONTROL SELF INCOMPATIBILITY AND APOMIXIS, MALE STREILITY | ||
| 942 |
_2ddc _cBK _044 |
||
| 999 |
_c9975 _d9975 |
||